Pháp luật thương mại dịch vụ Việt Nam và hội nhập kinh tế Quốc tế

Enregistré dans:
Détails bibliographiques
Auteur principal: Nguyễn, Như Phát
Format: Livre
Langue:Undetermined
Publié: 2006
Sujets:
Tags: Ajouter un tag
Pas de tags, Soyez le premier à ajouter un tag!
Thư viện lưu trữ: Trung tâm Học liệu Trường Đại học Cần Thơ
LEADER 00585nam a2200181Ia 4500
001 CTU_129033
008 210402s9999 xx 000 0 und d
020 |c 42000 
082 |a 346.59707 
082 |b Ph110 
100 |a Nguyễn, Như Phát 
245 0 |a Pháp luật thương mại dịch vụ Việt Nam và hội nhập kinh tế Quốc tế 
245 0 |c Nguyễn Như Phát, Phan Thảo Nguyên 
260 |c 2006 
650 |a Commercial laws 
650 |z Vietnam 
904 |i Tuyến 
980 |a Trung tâm Học liệu Trường Đại học Cần Thơ